| 000 | 01350cam a22003374a 4500 | ||
|---|---|---|---|
| 001 | 16244146 | ||
| 005 | 20110311091646.0 | ||
| 008 | 100520s2010 enka b 001 0 eng | ||
| 010 | _a 2010020881 | ||
| 020 | _a0754679683 | ||
| 020 | _a9780754679684 | ||
| 040 |
_aDLC _cDLC _dDLC |
||
| 043 | _ae------ | ||
| 050 | 0 | 0 |
_aHQ611 _b.G46 2010 |
| 082 | 0 | 0 |
_a306.85094 _222 _bGEN |
| 245 | 0 | 0 |
_aGender Inequalities, Households and the Production of Well-Being in Modern Europe / _cTindara Addabbo ... [et al.]. |
| 260 |
_aFarnham ; _aBurlington, VT : _bAshgate Pub., 2010 _cc2010. |
||
| 300 |
_axx, 318 p. : _bill. ; _c24 cm. |
||
| 490 | 0 |
_aGender and well-being _924265 |
|
| 504 | _aIncludes bibliographical references (p. [271]-313) and index. | ||
| 650 | 0 |
_aFamilies _xEconomic aspects _zEurope. _924266 |
|
| 650 | 0 |
_aWomen _xEconomic conditions _zEurope. _924267 |
|
| 650 | 0 |
_aCaregivers _zEurope. _924268 |
|
| 650 | 0 |
_aSexual division of labor _zEurope. _924269 |
|
| 650 | 0 |
_aSexism _zEurope. _924270 |
|
| 653 |
_bPol _cMay2011 |
||
| 700 | 1 |
_aAddabbo, Tindara. _924271 |
|
| 942 |
_2ddc _cBB |
||
| 999 |
_c15436 _d15436 |
||